Paroles - Encore un matin - Jean-Jacques Goldman - Statistiques

Statistiques générales
  • Ce quiz a été pris 312 fois
  • Le résultat moyen est 261 sur 307
Statistiques - réponses
Paroles % Correct
en
100%
Encore
100%
matin
100%
Matin
100%
rien
100%
un
100%
Un
100%
pour
99%
Pour
99%
A
97%
à
97%
de
95%
De
95%
le
93%
Ca
91%
ça
91%
ne
90%
faire
89%
sert
89%
Ce
88%
ce
88%
loin
88%
Ou
88%
ou
88%
plus
88%
C'est
87%
c'est
87%
rêve
87%
mien
86%
main
85%
Sans
85%
sans
85%
tien
85%
bien
79%
Qui
78%
qui
78%
au
77%
mes
76%
et
75%
mains
75%
la
73%
Une
73%
une
73%
apprendre
72%
coup
72%
creux
71%
ni
68%
prendre
68%
cherche
64%
du
64%
oublier
64%
aimer
62%
raison
61%
argile
60%
route
59%
les
57%
chemin
55%
mépriser
55%
perdu
55%
doute
52%
son
51%
donner
50%
fin
50%
toi
50%
feu
48%
décide
47%
mettre
45%
résister
45%
sens
44%
mieux
43%
capable
41%
intelligence
41%
éteindre
40%
maudire
40%
pire
39%
Si
38%
coupable
37%
attendre
36%
évidences
36%
innocence
36%
Entre
32%
chance
31%
juge
31%
Laisser
31%
l'envie
31%
trace
31%
tomber
30%
victime
29%
bousculer
27%
ennemi
24%
ami
22%
agir
20%
Aucun quiz correspondant
Distribution des résultats
% des personnes avec chaque résultat
Percentile par nombre de réponses
Votre historique - résultats
Vous n’avez pas pris ce quiz